| 000 | 00515nam a2200157 a 4500 | ||
|---|---|---|---|
| 001 | 000030928 | ||
| 005 | 20240305073655.0 | ||
| 008 | 110607s1942 dr 000 0 spa d | ||
| 040 |
_aDO-SdBNP _bspa _cBNPHU |
||
| 082 |
_axxx _bR382 |
||
| 245 | 0 | 0 |
_aRelaciones históricas de Santo Domingo / _ccolección y notas de E. Rodríguez Demorizi. |
| 260 |
_aCiuidad Trujillo, República Dominicana : _bMontalvo, _c1942. |
||
| 300 |
_av. ; _c25 cm. |
||
| 049 | _aBNPD | ||
| 700 | 1 |
_aRodríguez Demorizi, Emilio, _d1908-1986 _91039 |
|
| 999 |
_c30420 _d30420 |
||